Score 0/50 Timer 08:00
0 Plays Today
Longitude State Capital (ex. Boston, MA) % Correct
157.85Honolulu, HI
93.3%
112.1Phoenix, AZ
91.1%
116.2Boise, ID
91.1%
119.77Carson City, NV
91.1%
121.5Sacramento, CA
91.1%
122.9Olympia, WA
91.1%
123.03Salem, OR
91.1%
134.42Juneau, AK
91.1%
112.02Helena, MT
88.9%
111.88Salt Lake City, UT
86.7%
104.82Cheyenne, WY
82.2%
104.98Denver, CO
82.2%
105.93Santa Fe, NM
80%
97.5Oklahoma City, OK
66.7%
97.73Austin, TX
66.7%
100.35Pierre, SD
66.7%
96.7Lincoln, NE
62.2%
100.78Bismark, ND
62.2%
95.68Topeka, KS
60%
93.6Des Moines, IA
57.8%
91.18Baton Rouge, LA
48.9%
89.65Springfield, IL
46.7%
92.17Jefferson City, MO
46.7%
93.1Saint Paul, MN
46.7%
86.3Montgomery, AL
44.4%
Longitude State Capital (ex. Boston, MA) % Correct
86.78Nashville, TN
44.4%
89.38Madison, WI
44.4%
90.18Jackson, MS
44.4%
92.28Little Rock, AR
42.2%
84.38Atlanta, GA
40%
84.88Frankfort, KY
40%
86.17Indianapolis, IN
40%
84.28Tallahassee, FL
37.8%
81.62Charleston, WV
35.6%
84.55Lansing, MI
35.6%
71.07Boston, MA
33.3%
77.43Richmond, VA
33.3%
78.63Raleigh, NC
33.3%
83.0Columbus, OH
33.3%
69.78Augusta, ME
31.1%
76.88Harrisburg, PA
31.1%
81.03Columbia, SC
31.1%
71.42Providence, RI
28.9%
74.77Trenton, NJ
28.9%
75.52Dover, DE
28.9%
73.75Albany, NY
26.7%
76.48Annapolis, MD
24.4%
71.53Concord, NH
22.2%
72.58Montpelier, VT
22.2%
72.68Hartford, CT
22.2%
Remove Ads.
Support Sporcle.
Get the best of Sporcle when you Go Orange. This ad-free experience offers more features, more stats, and more fun while also helping to support Sporcle. Thank you for becoming a member.

You're not logged in!

Compare scores with friends on all Sporcle quizzes.
OR
Log In

Show Comments

Extras

Top Quizzes Today


Score Distribution

Your Account Isn't Verified!

In order to create a playlist on Sporcle, you need to verify the email address you used during registration. Go to your Sporcle Settings to finish the process.

Report this User

Report this user for behavior that violates our Community Guidelines.

Details: